Gentse Cantusliedjes (easy) - Statistieken

Algemene statistieken
  • Deze quiz is 3 keer genomen
  • De gemiddelde score is 22 van 299
Antwoordstatistieken
Deel Hint Antwoord % Correct
Plechtige Liederen 38 Gaudeamus Igitur
100%
Plechtige Liederen 37 Io Vivat
100%
Regionale Liederschat 386 Klokke Roeland
100%
Plechtige Liederen 42 Oude Roldersklacht
100%
Drinkliederen 151 Ad fundum per jaar (clubjaar)
50%
Drinkliederen 150 Ad fundum per jaar (studiejaar)
50%
Au Quartier Latin 360 Alouette
50%
Over the Sea 300 Auld Lang Syne
50%
Au Quartier Latin 354 Aupres de ma blonde
50%
Plechtige Liederen 46 Ave Confrater
50%
De Wereld Rond 380 Bella ciao
50%
De Wereld Rond 382 Cielito lindo
50%
Vaderland 72 De Blauwvoet
50%
Traditioneel 218 De fanfare van honger en dorst
50%
De gilde viert 96 De gilde viert
50%
Plechtige Liederen 40 De slag om het Gravensteen
50%
Traditioneel 202 De Torenspits van Bommel
50%
Vaderland 50 De Vlaamse Leeuw
50%
Die Burschenschaft 283 Die Elefanten
50%
Die Burschenschaft 270 Die Lore
50%
Vaderland 54 Die Stem van Suid Afrika
50%
De gilde viert 102 Edite, bibite!
50%
Die Burschenschaft 273 Erika
50%
Vaderland 67 Het lied van Pater Callewaert
50%
Over the Sea 315 It's a long way to Tipperary
50%
Traditioneel 214 Jan Klaassen de trompetter
50%
De gilde viert 104 Jucheidi
50%
De gilde viert 112 Krambamboeli
50%
Extra Liederen (2012) 563 Krambambuli
50%
Over the Sea 301 Loch Lomond
50%
Over the Sea 338 Oh! Susanna
50%
Die Burschenschaft 282 O Susanna
50%
Plechtige Liederen 44 Ruiterslied
50%
Die stem van Suid-Afrika 227 Sarie Marais
50%
Over the Sea 303 The wild rover
50%
Vaderland 64 Vlaanderen
50%
Vaderland 56 Vlaenderen boven al
50%
De gilde viert 129 Vloeibaar goud
50%
Over the Sea 310 Whiskey in the jar
50%
Regionale Liederschat 421 Zuipe
50%
De gilde viert 110 Aan de schachten
0%
Regionale Liederschat 425 Aan het Noordzeestrand
0%
De gilde viert 109 Ach lieflijke meisjes
0%
Au Quartier Latin 369 Ah la salope
0%
De Wereld Rond 379 Ain boer wol noar zien noaber tou
0%
Au Quartier Latin 355 A la claire Fontaine
0%
De gilde viert 124 Al boven da versterken
0%
Vaderland 90 Allen die willen naar Island gaan
0%
Vaderland 91 Allen die willen te kaap'ren varen
0%
Regionale Liederschat 412 Al onder de weg van Maldegem
0%
Vaderland 81 Als de kerels gaan op toer
0%
Vaderland 80 Als de kerels te gare zijn
0%
Die Burschenschaft 289 Als wir jüngst in Regensburg waren
0%
Traditioneel 182 Al van den drogen haring
0%
Traditioneel 186 Annemarieken
0%
Regionale Liederschat 427 Antwârpe
0%
Regionale Liederschat 391 Arteveldelied
0%
Au Quartier Latin 358 Au clair de la lune
0%
Die Burschenschaft 272 Auf der grünen Wiese
0%
Die Burschenschaft 296 Auf de Schwäbsche Eisebahne
0%
Au Quartier Latin 358 Beaux yeux
0%
Vaderland 59 Beiaardlied
0%
Die Burschenschaft 263 Bei der blonden Kathrein
0%
Die Burschenschaft 257 Bier her!
0%
De gilde viert 111 Bij pot en pint
0%
Vaderland 60 Blijheidslied
0%
Over the Sea 345 Blowin' in the Wind
0%
Au Quartier Latin 366 Boire un petit coup
0%
Die Burschenschaft 261 Bums valdera
0%
Die Burschenschaft 243 Burschen herais
0%
De Wereld Rond 374 Cantilena potatoria
0%
Au Quartier Latin 364 C'est à boire qu'il nous faut
0%
Au Quartier Latin 356 Chanson à boire
0%
Au Quartier Latin 352 Chevaliers de la table ronde
0%
Over the Sea 334 Clementine
0%
Traditioneel 183 Daar was e wuf die spon
0%
Traditioneel 187 Daar was laatst een meisje loos
0%
Die Burschenschaft 268 Das Polenkind
0%
Traditioneel 195 De boemlala
0%
Traditioneel 178 De boer had maar ene schoen
0%
De gilde viert 146 De echte student
0%
Traditioneel 197 De kikker
0%
Vaderland 75 De landsknechttrommen dreunen
0%
Regionale Liederschat 420 De lichtjes van de Schelde
0%
Traditioneel 196 De liereman
0%
De gilde viert 125 Den Gentsen
0%
Die Burschenschaft 295 Der gute Kamerad
0%
Die Burschenschaft 284 Der Lindenbaum
0%
De gilde viert 126 De rolders in de nacht
0%
Drinkliederen 158 Der Pappenheimer
0%
Die Burschenschaft 288 Der Trompeter von Säckingen
0%
Vaderland 61 De Schelde
0%
Traditioneel 208 De Soldaat
0%
Regionale Liederschat 403 De strop
0%
Traditioneel 190 De trommelaar en een 's graven dochter
0%
Vaderland 76 De trommel slaat
0%
Traditioneel 174 De vier weverkens
0%
Traditioneel 220 De Vlaamse meisjes
0%
Extra Liederen (2012) 560 Di canti di gioia
0%
De gilde viert 121 Dichterbij
0%
Die Burschenschaft 284 Die Gedanken sind frei
0%
Die stem van Suid-Afrika 228 Die kat kom weer
0%
Die stem van Suid-Afrika 224 Die lied van jong Suid-Afrika
0%
Die Burschenschaft 287 Die Lorelei
0%
Die Burschenschaft 292 Die Moorsoldaten
0%
Die stem van Suid-Afrika 239 Die ossewa
0%
Die stem van Suid-Afrika 225 Die rietjie
0%
Die stem van Suid-Afrika 235 Die Stellenbosse kêrels
0%
Traditioneel 170 Die winter is verganghen
0%
Drinkliederen 154 Dis in lucht
0%
Traditioneel 210 Dit is de tijd
0%
Extra Liederen (2012) 554 Dokter Grijzenbaard
0%
Drinkliederen 157 Driepintenlied
0%
Traditioneel 176 Drie schuintamboers
0%
De gilde viert 122 Drie vrienden
0%
De gilde viert 106 Drinklied
0%
De gilde viert 107 Drinklied II
0%
Die Burschenschaft 266 Du, du liegst mir im Herzen
0%
Au Quartier Latin 370 Du rhum, des femmes
0%
Vaderland 83 Een liedje van Koppelstock
0%
Die Burschenschaft 276 Eine Seefahrt
0%
Die Burschenschaft 262 Ein heller und ein Batzen
0%
Die Burschenschaft 281 Ein kleiner Matrose
0%
Die Burschenschaft 265 Ein Prosit
0%
Die stem van Suid-Afrika 233 Ek sal jou kry
0%
Extra Liederen (2012) 558 Ellie Rhee
0%
Die stem van Suid-Afrika 234 En as ek kom te sterwen, lief
0%
Au Quartier Latin 351 En passant par la Lorraine
0%
Traditioneel 185 En 's avonds
0%
De gilde viert 99 Ergo Bibamus
0%
De gilde viert 120 Er waren drie studentjes
0%
Die Burschenschaft 271 Es gibt kein Bier auf Hawaii
0%
Die Burschenschaft 247 Es leben die Studenten
0%
Extra Liederen (2012) 559 Fanchon
0%
Die Burschenschaft 252 Fiducit
0%
De gilde viert 100 Filia Hospitalis
0%
De Wereld Rond 376 Filia pastoris
0%
Over the Sea 312 Finnegan's wake
0%
Vaderland 92 Fransche Ratten
0%
De gilde viert 119 Geneverlied
0%
Regionale Liederschat 392 Gent
0%
Regionale Liederschat 404 Gentse caféliedjes
0%
Die stem van Suid-Afrika 236 Gertjie
0%
Vaderland 70 Geuzenlied
0%
Die Burschenschaft 250 Gold und Silber
0%
Vaderland 69 Groeninge
0%
Over the Sea 329 Hallelujah, I'm a bum
0%
Die Burschenschaft 286 Hans ging nach Ziegenhain
0%
Traditioneel 166 Heer Halewijn
0%
Die Burschenschaft 282 He, ho, spann den Wagen an
0%
Traditioneel 207 Heimwee doet ons hart verlangen
0%
Vaderland 86 Het Beleg van Bergen-op-Zoom
0%
De gilde viert 133 Het jonge volk
0%
Vaderland 78 Het Kaerelslied
0%
Traditioneel 179 Het kwezelken
0%
Traditioneel 194 Het lied van den smid
0%
Regionale Liederschat 416 Het lied van Hertog Jan
0%
Vaderland 65 Het lied van Nele
0%
Traditioneel 198 Het lindenmeisje
0%
Traditioneel 180 Het loze vissertje
0%
Vaderland 68 Het vendel
0%
Traditioneel 206 Het zwartbruine bier
0%
Extra Liederen (2012) 556 Het zwien
0%
Die Burschenschaft 256 Hofbräuhaus-Lied
0%
Over the Sea 328 Home on the Range
0%
De gilde viert 136 Honderd semesters
0%
Traditioneel 200 Hoog op de gele wagen
0%
Traditioneel 212 Houten kop
0%
Over the Sea 318 Hullabaloo Belay
0%
Regionale Liederschat 414 Ien Ronse ees da iet
0%
De gilde viert 114 Ik ben een boemelaar
0%
De gilde viert 115 Ik drink
0%
Traditioneel 175 Ik zag Cecilia komen
0%
Die Burschenschaft 260 Im Krug zum grünen Kranze
0%
Die Burschenschaft 255 Im tiefen Keller
0%
Regionale Liederschat 400 In mijn stroatse
0%
Regionale Liederschat 402 In't stamcafé
0%
Over the Sea 336 It ain't gonna rain no more
0%
Traditioneel 184 Jan de Mulder
0%
Extra Liederen (2012) 557 Jan de zot
0%
De gilde viert 116 Jan Rolder
0%
Extra Liederen (2012) 553 Jefke is getrouwd
0%
Extra Liederen (2012) 562 Jesus in bordellum
0%
Over the Sea 327 John Brown's song
0%
Regionale Liederschat 426 Jutho, vooruit
0%
De Wereld Rond 383 Kalinka
0%
Regionale Liederschat 422 Kempenland
0%
Regionale Liederschat 415 Kermislied
0%
Traditioneel 181 'k Heb mijn wagen volgeladen
0%
Die stem van Suid-Afrika 231 Kittie
0%
Die Burschenschaft 290 Kurfürst Friedrich
0%
De gilde viert 134 'k Zat overlaatst te dromen
0%
Drinkliederen 159 La Mère Gaspard
0%
Traditioneel 216 Land van Maas en Waal
0%
Drinkliederen 160 La Pomponette
0%
Au Quartier Latin 367 Le déserteur
0%
Au Quartier Latin 365 Les Champs-Elysées
0%
Au Quartier Latin 348 Les étudiants
0%
De Wereld Rond 381 L'Estaca
0%
Au Quartier Latin 363 Les tisserands
0%
Au Quartier Latin 359 Le temps de cerises
0%
Regionale Liederschat 388 Lied der Klokke Roeland
0%
Vaderland 66 Lied van mijn Land
0%
Regionale Liederschat 410 Limburg allein
0%
Die Burschenschaft 280 Lob der edlen Musika
0%
Regionale Liederschat 407 LoetseBollekeZoetse
0%
Die Burschenschaft 278 Lustig ist das Zigeunerleben
0%
Die stem van Suid-Afrika 230 Mamma, 'k wil 'n man hê
0%
Traditioneel 172 Meiplanting
0%
Vaderland 62 Mijn Vlaanderen heb ik hartelijk lief
0%
Over the Sea 309 Molly Malone
0%
Die Burschenschaft 264 Muss i denn
0%
Over the Sea 302 My Bonnie lies over the ocean
0%
Over the Sea 341 My Old Kentucky Home
0%
Vaderland 82 Naar Oostland willen wij rijden
0%
Vaderland 87 Neemt mij der Hand
0%
Die stem van Suid-Afrika 232 Nooi van die velde
0%
Traditioneel 204 Ohé kameraad
0%
Over the Sea 340 Old black Joe
0%
Vaderland 63 Omdat ik Vlaming ben
0%
Au Quartier Latin 368 On a soif
0%
Vaderland 58 Ons Vaderland
0%
Regionale Liederschat 423 Op de purp'ren hei
0%
De gilde viert 118 Oud Bommellied
0%
Regionale Liederschat 424 O! Vaderland
0%
Regionale Liederschat 393 Pierlala
0%
De gilde viert 128 Pintje drinken
0%
Over the Sea 332 Polly Wolly Doodle
0%
Over the Sea 324 Red River Valley
0%
Vaderland 74 Rodenbachlied
0%
Over the Sea 320 Roll me over
0%
Drinkliederen 153 Rondgezang en gerstenar
0%
Regionale Liederschat 401 Rosalie, mijnen bon amie
0%
Die Burschenschaft 274 Rote Husaren
0%
Au Quartier Latin 362 Roulez, jeunes gens, roulez!
0%
Over the Sea 325 Row the boat ashore
0%
Traditioneel 192 Sa laat ons vrolijk wezen
0%
Traditioneel 173 Schoon lieveken
0%
Die Burschenschaft 267 Schwarzbraun ist die Haselnuss
0%
Au Quartier Latin 357 Sept ans sur mer
0%
Over the Sea 306 Seven drunken nights
0%
Die Burschenschaft 248 's Gibt kein schöner Leben als Studentenleben
0%
De Wereld Rond 383 Signor Abbate
0%
De gilde viert 147 Straatliedjespotpourri
0%
De gilde viert 108 Studentendronk
0%
De gilde viert 132 Studentenlied
0%
De Wereld Rond 378 Studentensången
0%
Die Burschenschaft 244 Student sein
0%
De gilde viert 97 Student zijn
0%
Die Burschenschaft 254 Studio auf einer Reis
0%
Die stem van Suid-Afrika 226 Suid-Afrikaans studentenlied
0%
Die stem van Suid-Afrika 237 Suikebossie
0%
Traditioneel 188 's Werelds handel
0%
Over the Sea 343 Swing low, sweet chariot
0%
Regionale Liederschat 419 Te Kieldrecht
0%
Extra Liederen (2012) 561 Tempus est iocundum
0%
De gilde viert 142 Testament van een oud-student
0%
De gilde viert 140 Testament van een student
0%
Over the Sea 316 The black velvet band
0%
Over the Sea 314 The fields of Athenry
0%
Over the Sea 319 There is a tavern in the town
0%
Over the Sea 322 There's a hole in my bucket
0%
Over the Sea 304 The Scotsmand
0%
Regionale Liederschat 428 Tineke van Heule
0%
Over the Sea 339 Tom Dooley
0%
Au Quartier Latin 350 Tourdion
0%
Traditioneel 169 't Patertje
0%
Die stem van Suid-Afrika 238 Trekliedjie
0%
De Wereld Rond 375 Trifolium
0%
Die Burschenschaft 258 Trink, trink, Brüderlein, trink
0%
Vaderland 89 Triomfantelijk lied van de Zilvervloot
0%
Regionale Liederschat 408 't Ros Beiaard
0%
De gilde viert 117 Tsjechisch Drinklied
0%
Die Burschenschaft 246 Tunke
0%
Drinkliederen 156 't Vazelied
0%
Regionale Liederschat 398 't Vliegerke
0%
De gilde viert 98 Vakantielied
0%
Die stem van Suid-Afrika 233 Vanaand gaan die volkies koring sny
0%
Traditioneel 164 Van twee conickskinderen
0%
Regionale Liederschat 397 Verapa
0%
Drinkliederen 152 Vive la compeneia
0%
Vaderland 84 Vive, vive le Geus
0%
Vaderland 77 Vlaamse Dodendans
0%
De gilde viert 130 Vlaams studentenlied
0%
Vaderland 88 Voor Outer en Heerd
0%
Vaderland 57 Waar Maas en Schelde vloeien
0%
Regionale Liederschat 411 Waasland
0%
Die Burschenschaft 253 Wahre Freundschaft
0%
De gilde viert 144 Wat zullen we drinken
0%
Traditioneel 205 Were di
0%
Over the Sea 344 We shall overcome
0%
Over the Sea 321 What shall we do with the drunken sailor
0%
Over the Sea 326 When Johnny comes marching home
0%
Over the Sea 342 When the saints go marching in
0%
Vaderland 52 Wilhelmus van Nassouwe
0%
Extra Liederen (2012) 552 Wirre wirre wup
0%
Die Burschenschaft 269 Wunderbares Mädelein
0%
Over the Sea 330 Yankee Doodle
0%
Traditioneel 211 Zeeroverslied
0%
Geen overeenkomende quizzen gevonden
Scoreverdeling
Procent van Mensen met Elke Score
Percentiel versus Aantal Correcte Antwoorden
Uw Scoregeschiedenis
U heeft deze quiz nog niet genomen